Statistics for Most Populous Countries in 1700

Click here to take the quiz!

General Stats

  • This quiz has been taken 26 times
  • The average score is 20 of 39

Answer Stats

PopulationCountry% Correct
21,471,000Kingdom of France
100%
27,519,000Ottoman Empire
100%
100,000,000-150,000,000Qing Dynasty
100%
24,530,000Spanish Empire
100%
8,931,239Kingdom of England
96%
158,400,000Mughal Empire
96%
3,800,000+Portuguese Empire
96%
13,616,000Tsardom of Russia
96%
9,989,000Habsburg Dynasty
92%
10,000,000Safavid Empire
92%
27,000,000Tokugawa Shogunate
92%
9,000,000Kingdom of Poland and the Grand Duchy of Lithuania
83%
2,700,000Swedish Empire
83%
1,300,400Denmark-Norway
79%
12,200,000Great Joseon State
79%
1,794,000Dutch Republic
75%
2,000,000Brandenburg-Prussia
67%
2,500,000Ayutthaya Kingdom
63%
8,000,000Đại Việt
63%
2,338,000Ethiopian Empire
54%
3,064,000Malla Confederacy
46%
4,000,000Kingdom of Morocco
42%
1,650,000Kingdom of Cambodia
38%
1,260,000Swiss Confederacy
38%
2,000,000Electorate of Saxony
29%
371,000Kingdom of Lan Xang
29%
~1,000,000Grand Duchy of Tuscany
21%
1,396,000Savoyard State
21%
70,000Free and Hanseatic City of Hamburg
8%
50,000Monastic State of the Order of Malta
8%
340,000Duchy of Württemberg
4%
790,000Kingdom of Kongo
4%
2,000,000-3,000,000Ahom Kingdom
0%
3,242,000Bohemia
0%
350,000Duchy of Brunswick and Lüneburg
0%
1,000,000Dzungar Khanate
0%
3,000-4,000Rapa Nui
0%
1,000,000+Rozvi Empire
0%
141,187Ryukyu Kingdom
0%

Score Distribution

Percentile by Number Answered

Percent of People with Each Score

Your Score History

You have not taken this quiz